MAASAI MARA UNIVERSITY

LIBRARY CATALOGUE

Contact Us: +254 020 2685356/7 or 0774 057787

Box: 861-20500, NAROK, KENYA

Email: info@mmarau.ac.ke

_Organisational Management and Information Systems(4th ed) (Record no. 1359)

MARC details
000 -LEADER
fixed length control field 00494nam a2200181Ia 4500
003 - CONTROL NUMBER IDENTIFIER
control field OSt
005 - DATE AND TIME OF LATEST TRANSACTION
control field 20170518092223.0
008 - FIXED-LENGTH DATA ELEMENTS--GENERAL INFORMATION
fixed length control field 151015s9999 xx 000 0 und d
020 ## - INTERNATIONAL STANDARD BOOK NUMBER
International Standard Book Number 9780750686815
040 ## - CATALOGING SOURCE
Transcribing agency MMU
050 ## - LIBRARY OF CONGRESS CALL NUMBER
Classification number HD 30.35 .S54 2008
100 ## - MAIN ENTRY--PERSONAL NAME
Personal name Sparkes,Darren
245 ## - TITLE STATEMENT
Title _Organisational Management and Information Systems(4th ed)
260 ## - PUBLICATION, DISTRIBUTION, ETC. (IMPRINT)
Place of publication, distribution, etc. Oxford CIMA 2008
650 ## - SUBJECT ADDED ENTRY--TOPICAL TERM
Topical term or geographic name as entry element _Operation Management
700 ## - ADDED ENTRY--PERSONAL NAME
Personal name ^d20110217 09:42:06^okilerai
942 ## - ADDED ENTRY ELEMENTS (KOHA)
Source of classification or shelving scheme Library of Congress Classification
Koha item type L
Holdings
Withdrawn status Lost status Source of classification or shelving scheme Damaged status Not for loan Home library Current library Date acquired Source of acquisition Total Checkouts Full call number Barcode Date last seen Price effective from Koha item type
    Library of Congress Classification     Maasai Mara University Library -Main Campus Maasai Mara University Library -Main Campus 07/26/2016 DONATION   HD30.35.S54 2008 20103017 07/26/2016 07/26/2016 L
© 2016 Maasai Mara University.